Normal view
MARC view
Entry Topical Term
001 - CONTROL NUMBER
- control field: 1679
003 - CONTROL NUMBER IDENTIFIER
- control field: BD-DhCDI
005 - DATE AND TIME OF LATEST TRANSACTION
- control field: 20251125100538.0
008 - FIXED-LENGTH DATA ELEMENTS
- fixed length control field: 251125|| aca||aabn | a|a d
040 ## - CATALOGING SOURCE
- Original cataloging agency: BD-DhCDI
- Transcribing agency: BD-DhCDI
150 ## - HEADING--TOPICAL TERM
- Topical term or geographic name entry element: স্মারকগ্রন্থ ও বিবিধ
670 ## - SOURCE DATA FOUND
- Source citation: Work cat.: (BD-DhCDI)913: কাজী নজরুল ইসলাম জন্মশতবার্ষিকী :, 2001.